000 00448nam a2200181Ia 4500
001 21382
005 20260306172915.0
008 260306t2018||||xx |||||||||||||| ||spa||
041 _aESP
082 _a344.83
_bA67
100 _aArbulú Ramírez, José Antonio
_eAUT
245 0 _aLavado de activos:
_bgestión de riesgo
260 _c2018
300 _a435 páginas :
_c24 cm.
650 _aGEN
654 _aCDE
942 _cLIB
_dJUS
_fJUS
_2ddc
_n
999 _c21382
_d21382